Economic and commercial geography / (Record no. 66028)

MARC details
000 -LEADER
fixed length control field 00600nam a22001697a 4500
005 - DATE AND TIME OF LATEST TRANSACTION
control field 2012050302002.0
020 ## - INTERNATIONAL STANDARD BOOK NUMBER
International Standard Book Number 8170142504
Terms of availability 95.00
035 ## - SYSTEM CONTROL NUMBER
System control number B-44076
037 ## - SOURCE OF ACQUISITION
Stock number DPL
Source of stock number/acquisition ENG
100 ## - MAIN ENTRY--PERSONAL NAME
Personal name Khanna, K.K.
245 ## - TITLE STATEMENT
Title Economic and commercial geography /
Statement of responsibility, etc by K.K. Khanna and V.K. Gupta
260 ## - PUBLICATION, DISTRIBUTION, ETC. (IMPRINT)
Place of publication, distribution, etc New Delhi
Name of publisher, distributor, etc Sultan Chand and Sons
Date of publication, distribution, etc 1996
300 ## - PHYSICAL DESCRIPTION
Extent various pages
Dimensions 18 cms.
700 ## - ADDED ENTRY--PERSONAL NAME
Personal name Gupta, V.K.
9 (RLIN) 46243
942 ## - ADDED ENTRY ELEMENTS (KOHA)
Source of classification or shelving scheme Dewey Decimal Classification
Item type English Books
Classification part 330.91
Call number suffix KHA
Holdings
Withdrawn status Lost status Not for loan Collection code Home library Current library Date acquired Cost, normal purchase price Full call number Barcode Cost, replacement price Koha item type
      Non-fiction Sarojini Nagar Sarojini Nagar 03/05/2012 95.00 330.91 KHA B-44076 95.00 English Books

© Delhi Public Library
Hit Counter
free hit counter